Des systèmes coloniaux des peuples modernes / (Record no. 157568)
[ view plain ]
| 000 -LEADER | |
|---|---|
| campo de control de longitud fija | 00715nam a22001935i 4500 |
| 001 - NÚMERO DE CONTROL | |
| campo de control | 157568 |
| 003 - IDENTIFICADOR DE NÚMERO DE CONTROL | |
| campo de control | ES-MaACL |
| 005 - FECHA Y HORA DE LA ÚLTIMA TRANSACCIÓN | |
| campo de control | 20250718063328.0 |
| 008 - DATOS DE LONGITUD FIJA--INFORMACIÓN GENERAL | |
| campo de control de longitud fija | 040831s1873 fr |||| | fre d |
| 100 1# - ENTRADA PRINCIPAL--NOMBRE DE PERSONA | |
| Nombre de persona | Leroy-Beaulieu, Paul, |
| Fechas asociadas al nombre | 1843-1916 |
| Término indicativo de función/relación | Autor |
| 9 (RLIN) | 71810 |
| 245 14 - MENCIÓN DEL TÍTULO | |
| Título | Des systèmes coloniaux des peuples modernes / |
| Mención de responsabilidad, etc. | par Leroy de Beaulieu. |
| 260 ## - PUBLICACIÓN, DISTRIBUCIÓN, ETC. | |
| Lugar de publicación, distribución, etc. | Paris : |
| Nombre del editor, distribuidor, etc. | Guillaumin et Cie., |
| Fecha de publicación, distribución, etc. | 1873 |
| Lugar de fabricación/manufactura | (Versailles : |
| Fabricante | Typ. et Stér. de Crété) |
| 300 ## - DESCRIPCIÓN FÍSICA | |
| Extensión | VII, 616 páginas ; |
| Dimensiones | 23 cm. |
| 650 #4 - PUNTO DE ACCESO ADICIONAL DE MATERIA--TÉRMINO DE MATERIA | |
| Término de materia o nombre geográfico como elemento de entrada | Colonización |
| 9 (RLIN) | 135791 |
| 852 ## - LOCALIZACIÓN | |
| Ubicación | ES-MaACL |
| Ubicación en estantería | Depósito 2 |
| Donativo/Legado | Donativo de Antonio Escobar Laredo, 1883 |
| Número de control de estantería | F-4039 |
| Encuadernación | Holandesa |
| 942 ## - ELEMENTOS DE ENTRADA SECUNDARIOS (KOHA) | |
| Fuente del sistema de clasificación o colocación | Clasificación decimal universal |
| Tipo de ítem Koha | Libro impreso antiguo |
| Suprimir en OPAC | No |
| Estatus retirado | Estado de pérdida | Fuente del sistema de clasificación o colocación | Estado de daño | No para préstamo | Colección | Biblioteca de origen | Biblioteca actual | Ubicación en estantería | Fecha de adquisición | Fuente de adquisición | Total de préstamos | Signatura topográfica completa | Código de barras | Visto por última vez | Tipo de ítem Koha |
|---|---|---|---|---|---|---|---|---|---|---|---|---|---|---|---|
| Clasificación decimal universal | Libros del s. XIX | Biblioteca del Ateneo de Madrid | Biblioteca del Ateneo de Madrid | Depósito 2 | 17/01/2008 | Donación | F-4039 | 1164889 | 23/02/2023 | Libro impreso antiguo |
